الأعمال الشعرية / (Record no. 27222)

MARC details
000 -الفاتح
حقل البيانات ثابتة الطول 01532nam a22003015a 4500
003 - محدد رقم الضبط
رقم الضبط EG-ScBUE
005 - وقت وتاريخ اخر تعامل مع التسجيلة
رقم الضبط 20211202092907.0
008 - عناصر البيانات ثابتة الطول - معلومات عامة
حقل البيانات ثابتة الطول 190307s2017 ua f 000 p ara d
017 ## - رقم الإيداع القانونى
رقم الإيداع القانونى 2004 / 20210
020 ## - الرقم الدولى المعيارى للكتب
الرقم الدولى المعيارى للكتاب 9789770911556
040 ## - مصدر الفهرسة
وكالة الفهرسة الأصلية EG-ScBUE
لغة الفهرسة ara
قواعد الوصف rda
وكالة النسخ EG-ScBUE
وكالة التعديل EG-ScBUE
082 04 - رقم تصنيف ديوى العشرى
رقم التصنيف 892.716
رقم المادة ج و ي
رقم الطبعة 22
100 1# - المدخل الرئيسى - إسم شخصى
الإسم الشخصى جويدة، فاروق،
الدور مؤلف.
245 12 - بيان العنوان
العنوان الأعمال الشعرية /
بيان المسئوليه,etc فاروق جويدة.
250 ## - بيان الطبعة
بيان الطبعة الطبعة الرابعة.
264 #1 - النشر، التوزيع
مكان الناشر او الموزع القاهرة :
اسم الناشر او الموزع دار الشروق،
تاريخ النشر أو التوزيع 2017.
300 ## - الوصف المادى
التعداد 1 مجلد ؛
أبعاد الوعاء 20 سم
336 ## - نوع المحتوى
source rdacontent
Carrier Type Term نص
Content Type Code txt
337 ## - نوع الوسيط
source rdamedia
Media Type Term بدون وسيط
Media Type Code n
338 ## - نوع الحامل أو الناقل
source rdacarrier
Carrier Type Term مجلد
Carrier Type Code nc
505 0# - تبصرة محتويات-الفهرس
تبصرة المحتويات المصاغة المجلد الأول.
520 ## - التبصرة الخاصة بالتعليق أو التلخيص
ملخص,الخ فاروق جويدة واحد من أبرز الشعراء فى مسيرة الشعر العربى المعاصر..وصاحب تجربة شعرية ثرية لها خصوصيتها وتميزها ومجموعة الاعمال الشعرية هى احدى مؤلفاته وتشتمل على 3 مجلدات المجلد الثاني يحتوي على الدووايين التالية: لأني أحبك شيء سيبقى بيننا طاوعني قلبي في النسيان لن أبيع العمر زمان القهر علمني دماء على ستار الكعبة.<br/><br/>
650 #7 - المدخل الاضافى بالموضوع-مصطلح موضوعى
مصطلح موضوعي أو اسم جغرافي كعنصر مدخل الشعر العربي
التقسيم الفرعي العام دواوين وقصائد.
مصدر الرأس أو المصطلح BUEsh
9 (RLIN) 34630
651 ## - المدخل الاضافى بالموضوع - اسم جغرافى
مصدر الرأس أو المصطلح BUEsh
653 ## - مصطلح تكشيفى غير مقيد
Resource For college Arabic Literature
Arrived date list March2019
655 ## - مصطلح تكشيفى-نوع/شكل
التقسيم الفرعي الشكلي Reading book
-- 34232
942 ## - عناصر المدخل الإضافي( كوها)
مصدر التصنيف او مخطط الترفيف Dewey Decimal Classification
Holdings
حالة التراجع حالة الفقد مصدر التصنيف او خطة الترفيف حالة تلف ليس للاعارة مجموعات كوها المكان الدائم المكان الحالي موقع الترفيف تاريخ الاكتساب Source of acquisition سعر الشراء الطبيعي تعداد مسلسل / التسلسل الزمني رقم الاستدعاء الباركود Date last seen التكلفة نوع الوعاء
    Dewey Decimal Classification     Dar Al shrok Central Library Central Library Second Floor 07/03/2019 Purchase 96.00 3307 892.716 ج و ي 000044352 15/07/2025 120.00 Book - Borrowing